| 000 | 00683nam a2200241 i 4500 | ||
|---|---|---|---|
| 001 | 91630 | ||
| 003 | ES-MaACL | ||
| 005 | 20230906180753.0 | ||
| 007 | t| | ||
| 008 | 050202s2004 sp ||||1| spa d | ||
| 020 | _a84-96136-50-7 | ||
| 080 | _a821.511.141-94"19" | ||
| 100 | 1 |
_aKertész, Imre. _967945 |
|
| 245 | 1 | 0 |
_aDiario de la galera / _cImre Kertész ; traducción de Adan Kovacsics. |
| 250 | _a1ª ed. | ||
| 260 |
_aBarcelona : _bAcantilado, _c2004. |
||
| 300 |
_a277 p. ; _c21 cm. |
||
| 490 | 1 |
_aEl Acantilado ; _v87 |
|
| 700 | 1 |
_aKovacsics, Adan. _968670 |
|
| 830 | 0 |
_aEl Acantilado ; _v87 _9179782 |
|
| 852 |
_aES-MaACL _jL-28765 _bR.135172 |
||
| 999 |
_c91630 _d91630 |
||